Loading...
| Current Events | 3 | 16.67 | 100% | 33% | 33% |
| Fine Arts - Classical Music | 6 | 16.67 | 100% | 67% | 0% |
| Fine Arts - Other Fine Arts | 4 | 10.00 | 100% | 0% | 0% |
| Fine Arts - Painting and Sculpture | 4 | 12.50 | 100% | 25% | 0% |
| History - American History | 4 | 15.00 | 75% | 50% | 25% |
| History - European History | 4 | 10.00 | 100% | 0% | 0% |
| History - Other History | 5 | 14.00 | 100% | 40% | 0% |
| History - World History | 4 | 10.00 | 100% | 0% | 0% |
| Literature - American Literature | 4 | 15.00 | 100% | 25% | 25% |
| Literature - British Literature | 6 | 13.33 | 100% | 33% | 0% |
| Literature - European Literature | 6 | 16.67 | 100% | 67% | 0% |
| Literature - World Literature | 6 | 10.00 | 83% | 17% | 0% |
| Mythology | 2 | 15.00 | 100% | 50% | 0% |
| Philosophy | 4 | 2.50 | 25% | 0% | 0% |
| Pop Culture | 1 | 20.00 | 100% | 100% | 0% |
| Religion | 4 | 12.50 | 75% | 25% | 25% |
| Science - Biology | 3 | 3.33 | 33% | 0% | 0% |
| Science - Chemistry | 6 | 5.00 | 50% | 0% | 0% |
| Science - Other Science | 3 | 6.67 | 67% | 0% | 0% |
| Science - Physics | 7 | 7.14 | 57% | 14% | 0% |
| Social Science | 1 | 0.00 | 0% | 0% | 0% |